[Event "Tokyo Summer op"]
[Site "Tokyo"]
[Date "2018.07.15"]
[Round "3"]
[White "Uehara, Jun"]
[Black "Asaka, Samuel"]
[Result "0-1"]
[WhiteElo "1448"]
[BlackElo "2153"]
[PlyCount "62"]
[EventDate "2018.07.15"]
[EventType "swiss"]
[EventRounds "6"]
[EventCountry "JPN"]
[SourceTitle "EXT 2019"]
[Source "ChessBase"]
[SourceDate "2018.10.10"]
[SourceVersion "1"]
[SourceVersionDate "2018.10.10"]
[SourceQuality "1"]

1. e4 c6 2. d4 d5 3. Nc3 dxe4 4. Nxe4 Bf5 5. Ng3 Bg6 6. Nf3 Nd7 7. Bd3 e6 8. 0-0 Ngf6 9. c3 Be7 10. Re1 0-0 11. Bf4 Bxd3 12. Qxd3 Qb6 13. b3 Rfe8 14. Ne4 Nxe4 15. Rxe4 Rad8 16. Bg5 Nf6 17. Rh4 h6 18. Bxh6 gxh6 19. Rxh6 Qb5 20. Qc2 Qf5 21. Qd2 Ne4 22. Qe3 Ng5 23. Nh4 Qd5 24. Qd3 Kg7 25. Rg6+ fxg6 26. Qxg6+ Kh8 27. Qh6+ Nh7 28. Ng6+ Kg8 29. Re1 Qg5 30. Nxe7+ Rxe7 31. Qh3 e5 0-1